[Event "London Central Minor"]
[Site "London"]
[Date "2022.11.06"]
[Round "4"]
[White "Tierney, John"]
[Black "Gill, Gursharanjit S"]
[Result "0-1"]
[WhiteElo "1302"]
[BlackElo "1584"]
[PlyCount "66"]
[EventDate "2022.11.04"]
[EventType "swiss"]
[EventRounds "5"]
[EventCountry "ENG"]
[SourceTitle "EXT 2024"]
[Source "ChessBase"]
[SourceDate "2023.10.10"]
[SourceVersion "1"]
[SourceVersionDate "2023.10.10"]
[SourceQuality "1"]

1. e4 e6 2. d4 d5 3. Nc3 Bb4 4. Qg4 g6 5. e5 c5 6. Nf3 Nc6 7. Qf4 Nge7 8. Be3 Nf5 9. Bd3 Nxe3 10. Qxe3 cxd4 11. Nxd4 Bc5 12. Bb5 Bd7 13. Bxc6 Bxc6 14. 0-0-0 b5 15. Qd3 Bxd4 16. Qxd4 0-0 17. h4 h6 18. Qd2 Kh7 19. Qd3 Kg7 20. f4 f5 21. Rhg1 Qxh4 22. g3 Qe7 23. Rh1 d4 24. Qxd4 Bxh1 25. Rxh1 Rfd8 26. Qg1 b4 27. Nb5 a5 28. Qh2 h5 29. Qg1 a4 30. Nd4 Qd7 31. g4 fxg4 32. Nf3 gxf3 33. Qg5 Qd2+ 0-1

[Event "Berks & Bucks Reserves op"]
[Site "Maidenhead"]
[Date "2022.08.29"]
[Round "5"]
[White "Lawrence, Simon"]
[Black "Gill, Gursharanjit S"]
[Result "1/2-1/2"]
[WhiteElo "1740"]
[BlackElo "1648"]
[PlyCount "64"]
[EventDate "2022.08.27"]
[EventType "swiss"]
[EventRounds "6"]
[EventCountry "ENG"]
[SourceTitle "EXT 2023"]
[Source "ChessBase"]
[SourceDate "2022.10.05"]
[SourceVersion "1"]
[SourceVersionDate "2022.10.05"]
[SourceQuality "1"]

1. e4 e6 2. d4 d5 3. Nd2 c5 4. exd5 Qxd5 5. Ngf3 cxd4 6. Bc4 Qd8 7. 0-0 Nf6 8. Nb3 Qc7 9. Qe2 Bd6 10. Nbxd4 a6 11. c3 0-0 12. Bd3 Nc6 13. h3 Re8 14. Bg5 Nd5 15. Qe4 g6 16. Qh4 Nxd4 17. cxd4 b5 18. Rac1 Qb6 19. Ne5 Ra7 20. Rc6 Qb8 21. Bf6 Nxf6 22. Qxf6 Bf8 23. Rfc1 Bg7 24. Qf4 Qa8 25. Rc7 Rxc7 26. Rxc7 f6 27. Ng4 Kh8 28. a3 e5 29. dxe5 Bxg4 30. exf6 Bf8 31. hxg4 Qd5 32. Qf3 Qxf3 1/2-1/2

[Event "Leamington Spa 4NCL op-C 28th"]
[Site "Leamington Spa"]
[Date "2022.07.08"]
[Round "1"]
[White "Hylands, Keith"]
[Black "Gill, Gursharanjit S"]
[Result "0-1"]
[WhiteElo "1397"]
[BlackElo "1660"]
[PlyCount "54"]
[EventDate "2022.07.08"]
[EventType "swiss"]
[EventRounds "5"]
[EventCountry "ENG"]
[SourceTitle "CBM 209 Extra"]
[Source "ChessBase"]
[SourceDate "2022.09.30"]
[SourceVersion "1"]
[SourceVersionDate "2022.09.30"]
[SourceQuality "1"]

1. d4 e6 2. e4 d5 3. e5 c5 4. c3 Qb6 5. Qb3 Nc6 6. Qxb6 axb6 7. Nf3 Nge7 8. Bd3 cxd4 9. a3 dxc3 10. Nxc3 Ng6 11. Bb5 Bd7 12. Bxc6 bxc6 13. 0-0 Bc5 14. b4 Bxb4 15. Bb2 Ba5 16. Rac1 Nf4 17. Kh1 Nd3 18. Rb1 Nxb2 19. Rxb2 Bxc3 20. Rxb6 0-0 21. Rfb1 c5 22. Ne1 Bxe5 23. Nd3 Bd4 24. g3 c4 25. Rd6 cxd3 26. Rxd7 d2 27. Rc7 Rac8 0-1

[Event "London Classic op U1600 11th"]
[Site "London"]
[Date "2019.12.01"]
[Round "5"]
[White "Gill, Gursharanjit S"]
[Black "Chantrell, Paul"]
[Result "1-0"]
[WhiteElo "1561"]
[BlackElo "1546"]
[PlyCount "67"]
[EventDate "2019.11.29"]
[EventType "swiss"]
[EventRounds "5"]
[EventCountry "ENG"]
[SourceTitle "CBM 195 Extra"]
[Source "ChessBase"]
[SourceDate "2020.05.31"]
[SourceVersion "1"]
[SourceVersionDate "2020.05.31"]
[SourceQuality "1"]

1. c4 e5 2. g3 Nf6 3. Bg2 d5 4. cxd5 Nxd5 5. Nc3 Be6 6. Nf3 Nc6 7. a3 Be7 8. d3 0-0 9. 0-0 Qd7 10. Nxd5 Bxd5 11. h3 Bc5 12. e3 a5 13. Qc2 Bd6 14. b3 Nd8 15. Bb2 Bxf3 16. Bxf3 Qxh3 17. d4 f6 18. Qc4+ Kh8 19. dxe5 fxe5 20. Bg4 Qh6 21. Kg2 Qg6 22. Rh1 b5 23. Qe2 Ne6 24. Bh5 Qf6 25. Rh4 g5 26. Rh2 Nc5 27. Rah1 Ra7 28. Bg4 c6 29. Rh6 Qd8 30. Qc2 Rff7 31. Rd1 Nb7 32. Bxe5+ Kg8 33. Be6 Kf8 34. Bxf7 1-0

[Event "London Classic op U1600 11th"]
[Site "London"]
[Date "2019.11.30"]
[Round "3"]
[White "Gill, Gursharanjit S"]
[Black "Harandi, Teymour"]
[Result "1/2-1/2"]
[WhiteElo "1561"]
[BlackElo "1385"]
[PlyCount "115"]
[EventDate "2019.11.29"]
[EventType "swiss"]
[EventRounds "5"]
[EventCountry "ENG"]
[SourceTitle "CBM 195 Extra"]
[Source "ChessBase"]
[SourceDate "2020.05.31"]
[SourceVersion "1"]
[SourceVersionDate "2020.05.31"]
[SourceQuality "1"]

1. c4 e5 2. g3 Nf6 3. Bg2 d5 4. cxd5 Nxd5 5. Nc3 Nb6 6. Nf3 Nc6 7. b3 Be7 8. Bb2 0-0 9. 0-0 Be6 10. Rc1 a6 11. Ne4 f5 12. Nc5 Bxc5 13. Rxc5 Nd7 14. Rc1 Rb8 15. d4 exd4 16. Nxd4 Nxd4 17. Qxd4 Rf7 18. Rfd1 c6 19. Qe3 Qe7 20. Qa7 Rff8 21. Qd4 Rbd8 22. Qf4 Nf6 23. Qg5 Rd7 24. Rxd7 Qxd7 25. Re1 Bd5 26. Rd1 Qe6 27. Bxd5 cxd5 28. Qd2 Rd8 29. Bxf6 Qxf6 30. f3 Qb6+ 31. Qd4 Qxd4+ 32. Rxd4 Kf7 33. Kf2 Ke6 34. Ke3 g5 35. h3 Rc8 36. Kd2 Ke5 37. e3 Rc5 38. f4+ gxf4 39. Rxf4 Ra5 40. a4 b5 41. Kc3 bxa4 42. Kb4 Rb5+ 43. Kxa4 Rc5 44. Kb4 Rb5+ 45. Kc3 Rc5+ 46. Kd2 Ra5 47. Kd3 Ra2 48. g4 fxg4 49. Rxg4 Rh2 50. Rh4 Rb2 51. Kc3 Re2 52. Kd3 Rb2 53. Rh5+ Kd6 54. Rh6+ Ke5 55. Rxa6 Rxb3+ 56. Ke2 Rb2+ 57. Kd3 Rb3+ 58. Ke2 1/2-1/2

[Event "London Classic op U1600 11th"]
[Site "London"]
[Date "2019.11.29"]
[Round "1"]
[White "Gill, Gursharanjit S"]
[Black "Patel, Krrish"]
[Result "1-0"]
[WhiteElo "1561"]
[BlackElo "1195"]
[PlyCount "127"]
[EventDate "2019.11.29"]
[EventType "swiss"]
[EventRounds "5"]
[EventCountry "ENG"]
[SourceTitle "CBM 195 Extra"]
[Source "ChessBase"]
[SourceDate "2020.05.31"]
[SourceVersion "1"]
[SourceVersionDate "2020.05.31"]
[SourceQuality "1"]

1. c4 e5 2. g3 Nc6 3. Bg2 Bc5 4. Nc3 Nf6 5. d3 d6 6. h3 Be6 7. e4 Ne7 8. Nge2 c6 9. a3 a6 10. b4 Ba7 11. 0-0 d5 12. c5 d4 13. Na4 Ng6 14. f4 Bd7 15. fxe5 Nxe5 16. Bf4 Ng6 17. Bd6 b5 18. Nb2 Bb8 19. Bxb8 Rxb8 20. Qe1 Ne5 21. Qf2 Be6 22. Qxd4 Qxd4+ 23. Nxd4 Rd8 24. Nxe6 fxe6 25. Rad1 Ke7 26. d4 Nc4 27. Nxc4 bxc4 28. Rfe1 Kf7 29. Re2 Rd7 30. Rc2 Rhd8 31. Rxc4 e5 32. d5 cxd5 33. exd5 Nxd5 34. c6 Rd6 35. Bxd5+ Ke7 36. c7 Rc8 37. Rc6 Rxc6 38. Bxc6 Rxc7 39. Be4 Rc3 40. Rd3 Rc1+ 41. Kf2 Rc2+ 42. Kf3 Rh2 43. Bxh7 Rxh3 44. Bf5 Rh6 45. Ke4 Rh5 46. g4 Rg5 47. Rd7+ Kf8 48. Rd6 Kf7 49. Rxa6 g6 50. Rxg6 Rxg6 51. Bxg6+ Kxg6 52. Kxe5 Kg5 53. b5 Kxg4 54. b6 Kg5 55. b7 Kg4 56. b8Q Kg5 57. Qf8 Kg4 58. Qf5+ Kg3 59. Ke4 Kg2 60. Qf3+ Kh2 61. Qg4 Kh1 62. Ke3 Kh2 63. Kf2 Kh1 64. Qg2# 1-0

[Event "Stevenage 4NCL Easter op U1825"]
[Site "Stevenage"]
[Date "2019.04.20"]
[Round "2.3"]
[White "Sloan, Cecil"]
[Black "Gill, Gursharanjit S"]
[Result "0-1"]
[WhiteElo "1654"]
[BlackElo "1520"]
[PlyCount "48"]
[EventDate "2019.04.19"]
[EventType "swiss"]
[EventRounds "7"]
[EventCountry "ENG"]
[SourceTitle "EXT 2023"]
[Source "ChessBase"]
[SourceDate "2022.10.05"]
[SourceVersion "1"]
[SourceVersionDate "2022.10.05"]
[SourceQuality "1"]

1. e4 e6 2. d4 d5 3. Nc3 Bb4 4. e5 c5 5. Bd2 cxd4 6. Nb5 Be7 7. Qg4 g6 8. Nf3 Nc6 9. Nbxd4 Qb6 10. Bd3 Bd7 11. 0-0 h5 12. Qf4 Nh6 13. Nxc6 Bxc6 14. Nd4 g5 15. Qe3 Ng4 16. Qe2 Qxd4 17. c3 Qxe5 18. Qxe5 Nxe5 19. Be2 Nc4 20. Bxc4 dxc4 21. Be3 b6 22. Rad1 Bd5 23. Bd4 f6 24. f4 gxf4 0-1

[Event "GBR-ch U1750 op 105th"]
[Site "Hull"]
[Date "2018.08.02"]
[Round "4"]
[White "Gill, Gursharanjit S"]
[Black "Fowler, David J"]
[Result "1/2-1/2"]
[WhiteElo "1516"]
[BlackElo "1650"]
[PlyCount "78"]
[EventDate "2018.07.30"]
[EventType "swiss"]
[EventRounds "5"]
[EventCountry "ENG"]
[SourceTitle "EXT 2021"]
[Source "ChessBase"]
[SourceDate "2020.10.23"]
[SourceVersion "1"]
[SourceVersionDate "2020.10.23"]
[SourceQuality "1"]

1. c4 e6 2. Nc3 Nf6 3. g3 d5 4. cxd5 exd5 5. d4 c6 6. Bg2 Bd6 7. Bg5 h6 8. Bd2 Bf5 9. Nf3 Nbd7 10. a3 0-0 11. b4 a6 12. 0-0 Re8 13. Nh4 Bh7 14. f4 Ne4 15. Nxe4 Bxe4 16. Bxe4 Rxe4 17. e3 Qf6 18. Qg4 Nb6 19. Rfe1 Nc4 20. Bc1 Rae8 21. Ng2 R8e6 22. Ra2 Qe7 23. Rae2 b5 24. Qf3 f5 25. Qh5 Qf7 26. Qxf7+ Kxf7 27. Nh4 g6 28. Nf3 Re8 29. Nd2 Rxe3 30. Nxc4 Rxe2 31. Nxd6+ Kf8 32. Rf1 R8e6 33. Nb7 Rc2 34. Rd1 Ree2 35. Nc5 Rg2+ 36. Kf1 Rgf2+ 37. Kg1 Rg2+ 38. Kf1 Rgf2+ 39. Kg1 Rg2+ 1/2-1/2

[Event "GBR-ch U1750 op 105th"]
[Site "Hull"]
[Date "2018.08.01"]
[Round "3"]
[White "Sherlock, Peter"]
[Black "Gill, Gursharanjit S"]
[Result "0-1"]
[WhiteElo "1600"]
[BlackElo "1516"]
[PlyCount "38"]
[EventDate "2018.07.30"]
[EventType "swiss"]
[EventRounds "5"]
[EventCountry "ENG"]
[SourceTitle "EXT 2021"]
[Source "ChessBase"]
[SourceDate "2020.10.23"]
[SourceVersion "1"]
[SourceVersionDate "2020.10.23"]
[SourceQuality "1"]

1. d4 e6 2. e3 Nf6 3. Nf3 c5 4. Bd3 Nc6 5. a3 cxd4 6. exd4 a6 7. b3 b5 8. Bb2 Bb7 9. Nbd2 Ne7 10. 0-0 Rc8 11. c4 bxc4 12. Nxc4 Ned5 13. Qd2 Nb6 14. Na5 Bxf3 15. gxf3 Ra8 16. Rac1 Nbd5 17. b4 Nh5 18. Be4 Nhf4 19. Bxd5 Qg5+ 0-1

[Event "Crawley e2e4 Gatwick op U1650"]
[Site "Crawley"]
[Date "2016.05.30"]
[Round "7"]
[White "Gogia, Armaan"]
[Black "Gill, Gursharanjit S"]
[Result "0-1"]
[WhiteElo "1570"]
[BlackElo "1525"]
[PlyCount "52"]
[EventDate "2016.05.27"]
[EventType "swiss"]
[EventRounds "7"]
[EventCountry "ENG"]
[SourceTitle "EXT 2019"]
[Source "ChessBase"]
[SourceDate "2018.10.10"]
[SourceVersion "1"]
[SourceVersionDate "2018.10.10"]
[SourceQuality "1"]

1. e4 e6 2. d4 d5 3. e5 c5 4. c3 Qb6 5. Nf3 Nc6 6. a3 cxd4 7. cxd4 Nge7 8. Bd3 Bd7 9. Bc2 g6 10. 0-0 Bg7 11. Nc3 0-0 12. Na4 Qc7 13. Nc3 a6 14. Be3 f6 15. exf6 Rxf6 16. Ng5 Nf5 17. Bxf5 Rxf5 18. Qb3 Nxd4 19. Bxd4 Bxd4 20. h4 Raf8 21. Rac1 Rxf2 22. Rxf2 Rxf2 23. Kh1 Qg3 24. Rg1 Be5 25. Nf3 Rxf3 26. gxf3 Qh2# 0-1

[Event "Crawley e2e4 Gatwick op U1650"]
[Site "Crawley"]
[Date "2016.05.27"]
[Round "1"]
[White "Gill, Gursharanjit S"]
[Black "Gomes, Savio Sebastian"]
[Result "1-0"]
[WhiteElo "1525"]
[BlackElo "1285"]
[PlyCount "35"]
[EventDate "2016.05.27"]
[EventType "swiss"]
[EventRounds "7"]
[EventCountry "ENG"]
[SourceTitle "EXT 2019"]
[Source "ChessBase"]
[SourceDate "2018.10.10"]
[SourceVersion "1"]
[SourceVersionDate "2018.10.10"]
[SourceQuality "1"]

1. c4 e5 2. Nc3 Nf6 3. Nf3 Nc6 4. g3 d5 5. cxd5 Nxd5 6. Bg2 Be6 7. 0-0 Be7 8. a3 Nxc3 9. bxc3 e4 10. Ne1 f5 11. f3 Qd7 12. fxe4 0-0-0 13. exf5 Bxf5 14. Qa4 Bh3 15. Bxc6 bxc6 16. Qa6+ Kb8 17. Rb1+ Ka8 18. Qb7# 1-0

[Event "BCF-ch U140"]
[Site "Coventry"]
[Date "2015.07.31"]
[Round "5"]
[White "Marks, Robert"]
[Black "Gill, Gursharanjit S"]
[Result "1-0"]
[WhiteElo "122"]
[BlackElo "1531"]
[PlyCount "83"]
[EventDate "2015.07.27"]
[EventType "swiss"]
[EventRounds "5"]
[EventCountry "ENG"]
[SourceTitle "EXT 2016"]
[Source "ChessBase"]
[SourceDate "2015.10.08"]
[SourceVersion "1"]
[SourceVersionDate "2015.10.08"]
[SourceQuality "1"]

1. Nf3 Nf6 2. g3 d5 3. Bg2 g6 4. 0-0 Bg7 5. d3 0-0 6. Nbd2 Re8 7. c3 e5 8. Qc2 Nc6 9. e4 d4 10. cxd4 exd4 11. b3 Be6 12. a3 Ng4 13. Bb2 Nge5 14. Nxe5 Nxe5 15. f4 Ng4 16. Rfc1 c6 17. Nf1 Rc8 18. h3 Nf6 19. Nd2 Nh5 20. Kh2 Nf6 21. Nf3 c5 22. Ng5 b6 23. Nxe6 Rxe6 24. b4 Re7 25. Qc4 Ne8 26. e5 Qd7 27. h4 Kh8 28. Bxd4 Rc7 29. bxc5 bxc5 30. Bxc5 Qc8 31. d4 f5 32. Qa4 Re6 33. Qd1 Ra6 34. Bf1 Rac6 35. Bb5 Re6 36. a4 a6 37. Bc4 Rec6 38. Bd5 Re6 39. Bxe6 Qxe6 40. d5 Qc8 41. d6 Nxd6 42. Bxd6 1-0

[Event "Brighton e2e4 Major"]
[Site "Brighton"]
[Date "2013.02.20"]
[Round "9"]
[White "Gill, Gursharanjit S"]
[Black "Brown, Terry"]
[Result "1-0"]
[WhiteElo "1466"]
[BlackElo "1496"]
[PlyCount "165"]
[EventDate "2013.02.16"]
[EventType "swiss"]
[EventRounds "9"]
[EventCountry "ENG"]
[SourceTitle "EXT 2014"]
[Source "ChessBase"]
[SourceDate "2013.11.20"]
[SourceVersion "1"]
[SourceVersionDate "2013.11.20"]
[SourceQuality "1"]

1. e4 c5 2. Nf3 d6 3. d4 cxd4 4. Nxd4 Nf6 5. Nc3 a6 6. Bd3 Qc7 7. 0-0 e5 8. Nf5 Bxf5 9. exf5 d5 10. Bg5 Nbd7 11. Re1 Bc5 12. Na4 Ba7 13. b3 b5 14. Nb2 Bd4 15. Rb1 Bc3 16. Bd2 b4 17. Na4 0-0 18. Nxc3 bxc3 19. Bg5 Rfe8 20. Re3 e4 21. Be2 Qe5 22. f4 Qxf5 23. Qd4 h6 24. Bxf6 Nxf6 25. Rf1 Red8 26. Rxc3 Ng4 27. h3 Nf6 28. g4 Qe6 29. Rg3 Qd6 30. g5 hxg5 31. Rxg5 g6 32. f5 Nh7 33. Rg2 g5 34. f6 Kf8 35. h4 Rab8 36. c3 gxh4 37. Rg7 Ke8 38. Qf2 Nf8 39. Bh5 Rd7 40. Rd1 Qb6 41. Qxb6 Rxb6 42. Rg4 Rxf6 43. Rxh4 Ke7 44. Rf1 Rxf1+ 45. Kxf1 f5 46. Be2 Ng6 47. Rh7+ Kd6 48. Rh6 Rg7 49. Bh5 Ke5 50. Bxg6 Kf4 51. Bh5 Rg3 52. Be2 Rxc3 53. Rxa6 Kg3 54. Ke1 e3 55. b4 d4 56. Rd6 Rc1+ 57. Bd1 f4 58. Rg6+ Kh4 59. Ke2 f3+ 60. Kxf3 Rxd1 61. Rg2 Rf1+ 62. Ke4 Rf2 63. Rg1 e2 64. Re1 Kg3 65. Kxd4 Kf3 66. Kd3 Rg2 67. b5 Rg8 68. Kc4 Kf2 69. Rxe2+ Kxe2 70. Kc5 Kd3 71. b6 Rc8+ 72. Kb5 Kc3 73. a4 Rc4 74. a5 Rh4 75. b7 Rh5+ 76. Kb6 Rh6+ 77. Ka7 Rh7 78. a6 Kc4 79. Ka8 Rh6 80. a7 Kc5 81. b8Q Ra6 82. Qb7 Rd6 83. Qc7+ 1-0

[Event "Brighton e2e4 Major"]
[Site "Brighton"]
[Date "2013.02.18"]
[Round "5"]
[White "Gill, Gursharanjit S"]
[Black "Wicks, Keith"]
[Result "0-1"]
[WhiteElo "1466"]
[BlackElo "1542"]
[PlyCount "58"]
[EventDate "2013.02.16"]
[EventType "swiss"]
[EventRounds "9"]
[EventCountry "ENG"]
[SourceTitle "EXT 2014"]
[Source "ChessBase"]
[SourceDate "2013.11.20"]
[SourceVersion "1"]
[SourceVersionDate "2013.11.20"]
[SourceQuality "1"]

1. e4 c6 2. d4 d5 3. Nc3 dxe4 4. Nxe4 Bf5 5. Ng3 Bg6 6. Nf3 Nd7 7. c3 e6 8. Bf4 Ngf6 9. Nh4 Nd5 10. Nxg6 hxg6 11. Ne2 Nxf4 12. Nxf4 Bd6 13. Qf3 Qf6 14. Nh3 Qxf3 15. gxf3 f6 16. Bg2 0-0-0 17. f4 Nb6 18. 0-0 Nd5 19. Bxd5 exd5 20. Kg2 Rde8 21. Rfe1 Kd7 22. Re3 Re4 23. Rae1 Rhe8 24. Kf3 Rh8 25. Rxe4 dxe4+ 26. Kg4 f5+ 27. Kg3 Rh5 28. Kg2 Rh4 29. Kg3 Rg4# 0-1

[Event "Gatwick e2e4 Major-F"]
[Site "Crawley"]
[Date "2012.08.19"]
[Round "2"]
[White "Richardson, Paul"]
[Black "Gill, Gursharanjit S"]
[Result "1-0"]
[WhiteElo "1420"]
[BlackElo "1419"]
[PlyCount "63"]
[EventDate "2012.08.18"]
[EventType "tourn"]
[EventRounds "9"]
[EventCountry "ENG"]
[SourceTitle "EXT 2014"]
[Source "ChessBase"]
[SourceDate "2013.11.20"]
[SourceVersion "1"]
[SourceVersionDate "2013.11.20"]
[SourceQuality "1"]

1. Nf3 Nf6 2. d4 e6 3. c4 d5 4. Bg5 Be7 5. Nc3 Nc6 6. e3 0-0 7. a3 b6 8. cxd5 Nxd5 9. Bxe7 Ndxe7 10. Bd3 Bb7 11. Qc2 h6 12. 0-0 a6 13. Rac1 Qd6 14. Rfd1 Rfc8 15. Qe2 Na5 16. Bc2 Nd5 17. Ne4 Qe7 18. b4 Nc6 19. Qd3 Nf6 20. Nxf6+ Qxf6 21. Rd2 Ne7 22. Ne5 Nf5 23. g4 Qg5 24. f4 Qh4 25. gxf5 f6 26. fxe6 fxe5 27. Qh7+ Kf8 28. Qf5+ Qf6 29. fxe5 Qxf5 30. Bxf5 Ke7 31. Rf2 Rf8 32. Rxc7+ 1-0